Procedimiento civil : (Registro nro. 29650)

Detalles MARC
000 -LEADER
fixed length control field 01661nam a2200265Ia 4500
003 - CONTROL NUMBER IDENTIFIER
control field CO-CtgCURN
005 - DATE AND TIME OF LATEST TRANSACTION
control field 20250410182438.0
008 - FIXED-LENGTH DATA ELEMENTS--GENERAL INFORMATION
fixed length control field 190723s9999 xx 000 0 und d
020 ## - INTERNATIONAL STANDARD BOOK NUMBER
International Standard Book Number 9583359246
040 ## - CATALOGING SOURCE
Original cataloging agency CO-CtgCURN
Language of cataloging spa
Transcribing agency coctgcurn
082 ## - DEWEY DECIMAL CLASSIFICATION NUMBER
Classification number 347.05
Item number L864p
100 ## - MAIN ENTRY--PERSONAL NAME
Personal name López Blanco, Hernán Fabio
Relator term autor
9 (RLIN) 6793
245 #0 - TITLE STATEMENT
Title Procedimiento civil :
Remainder of title parte especial /
Statement of responsibility, etc. Hernán Fabio López Blanco
260 ## - PUBLICATION, DISTRIBUTION, ETC.
Place of publication, distribution, etc. Bogotá, Colombia :
Name of publisher, distributor, etc. Dupre,
Date of publication, distribution, etc. 2004
300 ## - PHYSICAL DESCRIPTION
Extent 995 páginas ;
Dimensions 21 centímetros.
505 ## - FORMATTED CONTENTS NOTE
Formatted contents note Cap.1. De los procesos en particular -- Cap.2. De los procesos declarativos o de conocimiento -- Cap.3. Del proceso abreviado -- Cap.4. Del proceso verbal -- Cap.5. Del proceso verbal sumario -- Cap.6. Del proceso de expropiación -- Cap.7. Del proceso de deslinde y amojonamiento -- Cap.8. De los procesos divisorios -- Cap.9. Las acciones populares y de grupo -- Cap.10. Del proceso de ejecución -- Cap.11. De los procesos de liquidación -- Cap.12. De los procesos de jurisdicción voluntaria -- Cap.13. Del proceso arbitral -- Cap.14. Del proceso para el cumplimiento de sentencias o laudos dictados en el extranjero o exequátur -- Cap.15. De las medidas cautelares y las cauciones.
521 ## - TARGET AUDIENCE NOTE
Target audience note AREA PROFESIONAL
590 ## - LOCAL NOTE (RLIN)
Local note Programa de Derecho_18
650 ## - SUBJECT ADDED ENTRY--TOPICAL TERM
Topical term or geographic name entry element Procedimiento civil
9 (RLIN) 6794
942 ## - ADDED ENTRY ELEMENTS (KOHA)
Koha item type Libros
Classification part 347.05
Item part L864p
Koha issues (borrowed), all copies 1
Source of classification or shelving scheme Dewey Decimal Classification
Suppress in OPAC No
Existencias
Withdrawn status Lost status Damaged status Not for loan Collection Home library Current library Shelving location Date acquired Inventory number Total checkouts Full call number Barcode Date last seen Copy number Price effective from Koha item type Total renewals Date last checked out
          Miguel Henríquez Castañeda Barranquilla Miguel Henríquez Castañeda Barranquilla General 05/23/2018 02504   347.05 L864p 02504 07/23/2019 v.2 ej.1 07/23/2019 Libros    
          Miguel Henríquez Castañeda Barranquilla Miguel Henríquez Castañeda Barranquilla General 05/23/2018 02505   347.05 L864p 02505 07/23/2019 v.2 ej.2 07/23/2019 Libros    
          Miguel Henríquez Castañeda Barranquilla Miguel Henríquez Castañeda Barranquilla General 05/23/2018 02506   347.05 L864p 02506 07/23/2019 v.2 ej.3 07/23/2019 Libros    
          Miguel Henríquez Castañeda Barranquilla Miguel Henríquez Castañeda Barranquilla General 05/23/2018 02507 1 347.05 L864p 02507 03/12/2022 v.2 ej.4 07/23/2019 Libros 1 03/09/2022